000 00693nam a2200241 a 4500
001 60901
003 BD-RjUL
005 20211209080908.0
008 170104r2002 enk 001 0 eng d
020 _a0803988141 (hbk)
020 _a080398815X (pbk)
035 _a(BD-RjUL)61025
040 _aBD-RjUL
_beng
_cBD-RjUL
041 _aeng
082 _223
_a658.3
_bBEH 2002
100 1 _aBeaumont, P. B.
_q(Phil B.)
_9181574
245 1 0 _aHuman resource management :
_bkey concepts and skills /
_cP.B. Beaumont
260 _aLondon :
_bSage,
_c1993 [Reprinted 2002]
300 _aix, 225 p ;
_c24 cm
500 _aIncludes index
650 0 _aPersonnel management
_9170518
942 _2ddc
_cBK
999 _c60901
_d60901